La Lucha contra la corrupción y la experiencia del Ministerio Público Panameño; conferencia /
Guardat en:
| Autor principal: | |
|---|---|
| Format: | Text |
| Matèries: | |
| Etiquetes: |
Afegir etiqueta
Sense etiquetes, Sigues el primer a etiquetar aquest registre!
|
MARC
| LEADER | 00000 a a2200000 04500 | ||
|---|---|---|---|
| 001 | 9446 | ||
| 003 | |||
| 040 | |||
| 100 | |a Sossa Rodríguez, José Antonio | ||
| 245 | |a La Lucha contra la corrupción y la experiencia del Ministerio Público Panameño; conferencia / |c José Antonio Sossa Rodríguez | ||
| 650 | |a PROBLEMAS SOCIALES | ||
| 650 | |a CORRUPCION | ||
| 773 | |g volumen 1999, número 428; páginas 47-60 | ||
| 999 | |c 29773 |d 29773 | ||
